000 01117nam a2200337 c 4500
003 BLK
005 20230522143553.0
008 180408b bul|||||r ||||||| ||bul||
010 _aKNG00086604000
020 _a0-582-297-96-6
_bиздат.: Longman
040 _aBLK
041 _aENG
_cENG
080 _aАнглийски език
_b811.111
_x(072)
_z811.111(072)
100 1 _aHarmer, Jeremy
_eпърви автор
_912416
139 _aHarmer, Jeremy
_bH 27
245 1 0 _aHow to Teach English
_bAn introduction to the practice of English language teaching
_cJeremy Harmer.
257 _aGBR
260 Harlow
_bLongman
_c1998
_fотпеч. в Малайзия
300 _a198 c.
_c24 cm
380 _a80
500 _aIndex
590 _aф
650 4 _aАнглийски език - методика на преподаването
_9241629
653 _aанглийски език
653 _aметодика на преподаването
852 _aЦб 241999
856 4 _qpdf
_u
856 4 _qpdf
_u
942 _cKNG
_n0
_02
944 _aCR
_c19.11.2008
_kГеновева_Генчева
944 _aED
_c25.11.2008
_k
999 _c82084
_d82084